Zikar E Jamil; (Record no. 587716)

000 -LEADER
fixed length control field 00400nam a22001337a 4500
020 ## - INTERNATIONAL STANDARD BOOK NUMBER
International Standard Book Number 9789694962849
040 ## - CATALOGING SOURCE
Transcribing agency NUST
082 ## - DEWEY DECIMAL CLASSIFICATION NUMBER
Classification number 297.64 FAR
100 ## - MAIN ENTRY--PERSONAL NAME
Personal name Fared Ul Din, Shaikh
9 (RLIN) 88645
245 ## - TITLE STATEMENT
Title Zikar E Jamil;
Remainder of title 96 Buzurgaan -e- Deen Kay Ahwal O Aqwal
260 ## - PUBLICATION, DISTRIBUTION, ETC.
Place of publication, distribution, etc. ISLAMABAD:
Name of publisher, distributor, etc. Dost Publications,
Date of publication, distribution, etc. 2018.
650 ## - SUBJECT ADDED ENTRY--TOPICAL TERM
Topical term or geographic name entry element Islam-96 Buzurgaan -e- Deen Kay Ahwal O Aqwal
9 (RLIN) 89511
942 ## - ADDED ENTRY ELEMENTS (KOHA)
Source of classification or shelving scheme
Koha item type Book
Holdings
Withdrawn status Lost status Source of classification or shelving scheme Damaged status Not for loan Permanent Location Current Location Shelving location Date acquired Full call number Barcode Date last seen Price effective from Koha item type
          College of Electrical & Mechanical Engineering (CEME) College of Electrical & Mechanical Engineering (CEME) General Stacks 01/26/2022 297.64 FAR (KIDS SEC) CEME-50729 01/26/2022 01/26/2022 Book
© 2023 Central Library, National University of Sciences and Technology. All Rights Reserved.